00453cam a22001572 4500001001100000005001700011008004100028020002800069040001500097050002200112100003800134245002300172260004100195300001100236650004800247000000409220151217145753.0070518s xx 000 0 eng d a8187328479 :cKES 1,700 aKABUcKABU 0aQA76.73b.C153V371 aVaralakshni, P. V. N.@000015446310aProject using C++. aChennai, India :bV. Rameshi,c2002. a396 p. 0aC++ (Computer program language)@0000154344